[Event "Dyfed Open"]
[Site "Fishguard"]
[Date "2019.02.22"]
[Round "1.11"]
[White "Van Kemenade, Rudy"]
[Black "Pinch, David"]
[Result "1/2-1/2"]
[WhiteElo "1944"]
[BlackElo "1634"]
[Annotator "kemen"]
[PlyCount "92"]
[EventDate "2019.??.??"]

{[%evp 0,60,19,31,34,19,13,4,35,32,65,29,53,40,54,54,79,86,52,18,44,13,40,-17,
10,-28,-49,-73,-51,-38,-39,-39,-24,-22,-26,-25,-20,-76,-52,-91,-137,-149,-163,
-161,-152,-127,-139,-157,-124,-112,-53,-31,-47,-47,23,45,20,0,-23,-43,36,87,
123]} 1. e4 e5 2. Nf3 Nc6 3. Bb5 Nge7 4. O-O g6 5. c3 Bg7 6. d4 exd4 7. cxd4
O-O (7... d5 {main}) (7... a6) 8. d5 (8. Nc3 {main}) 8... Ne5 9. d6 (9. Nxe5 {
main} Bxe5 10. f4 (10. Nc3 d6 11. Bh6 Bg7 12. Bxg7 Kxg7 13. Qd4+) 10... Bg7 11.
f5) 9... N7c6 (9... cxd6 10. Qxd6 Nxf3+ 11. gxf3 Qb6 12. Qxb6 axb6 13. Nc3 Nc6
14. Kg2 {Duarte-Pacheco, FEXERJ op, Botafogo 2015,1-0}) (9... Nxf3+ 10. Qxf3
cxd6 11. Nc3 Nc6 12. Bf4 (12. Rd1 a6 13. Bf1 {Leonoff-Alonso, Duchamp Boca op,
Buenos Aires 2013,1-0}) 12... Ne5 13. Qd1 Qf6 14. Nd5 Qh4 15. Bg3 Qxe4 16. f3
Nxf3+ 17. gxf3 Bd4+ 18. Bf2 Qxd5 19. Bxd4 Qxb5 {Camara-Cantato, Florianoplis
op 2018,0-1}) 10. Nc3 (10. Ne1 $5 {Stockfish10}) (10. dxc7 Qxc7 11. Nc3 $14 {
Van Kemenade-Pinch, Dyfed Closed 2018,1-0 ( though Wh had a totally lost
position at one [point)}) 10... a6 11. Ba4 (11. Nxe5 {Stockfish10} Nxe5 (11...
axb5 12. Nf3 b4 13. Nd5 cxd6 14. Bg5 $16) 12. dxc7 Qxc7 13. Nd5 Qd8 14. Be2 $16
{Stockfish10}) 11... Nxf3+ 12. gxf3 $6 {trying to bolster e4, but Wh should
just be prepared to gambit the d pawn} (12. Qxf3 {simplest} cxd6 13. Bf4 (13.
Qg3 {Stockfish10}) 13... Be5 14. Rad1 $14 (14. Bh6 Qh4) (14. Bb3 $14)) 12...
cxd6 13. Qxd6 $6 (13. Bf4) (13. Bb3) 13... Be5 14. Qd2 $6 {obstructs
development} (14. Qd1 {considered} Qh4 15. f4 Bxf4 16. Bxf4 Qxf4 17. Nd5 Qh4
18. f4 d6 $15) (14. Qd3 {Stockfish10} Qh4 15. f4 Bxf4 16. Bxf4 Qxf4 17. Nd5
Qg4+ 18. Qg3 Qxg3+ 19. hxg3 b5 20. Bb3 $11) 14... Nd4 (14... Qh4 15. Qh6 (15.
f4 Qg4+ 16. Kh1 Qf3+ 17. Kg1 Qg4+ $11 (17... Bxc3 18. Qxc3 Qxe4 19. Bc2 Qb4 $15
)) 15... Qxh6 16. Bxh6 Re8 17. Rad1 $11 {Stockfish10}) 15. Bd1 Ne6 (15... b5
$15 {Stockfish10}) 16. Nd5 d6 (16... g5 {Rudy & Stockfish10, considered by
David} 17. Kh1 Kh8 $15) 17. f4 Bg7 18. Qd3 (18. f5 {considered} gxf5 19. exf5
Nd4 20. f6 Bxf6 21. Nxf6+ Qxf6 22. Qh6 Qxh6 23. Bxh6 Re8 24. Kh1 $11 {
Stockfish9}) 18... Bd7 $17 (18... Nc5 19. Qf3 Be6 $17 {Stockfish10}) 19. Be3 (
19. f5 Bb5 20. Qf3 Bxf1 21. Kxf1 Nd4 $15 {Stockfish10}) (19. Re1 Bc6 20. a4 {
pm analysis} Nc5 $19 {Stockfish10}) (19. a4 Bc6 20. Ra3 {pm analysis} Nc5 21.
Qb1 Re8 22. Bc2 Ne6 $17 {Stockfish10}) 19... Bb5 20. Qb3 (20. Qd2) 20... Bxf1
21. Kxf1 b5 $19 (21... Qh4 $19) 22. Bf3 Rc8 23. Rd1 Kh8 (23... Rc4 $19) (23...
Qh4 $19) 24. Qa3 (24. e5 {considered, but} dxe5 25. Nb6 Qh4 26. Nxc8 Rxc8 (
26... exf4) 27. fxe5 Bxe5 $19 {looked good for Bl}) 24... Nc5 {gives Wh chances
} (24... Qh4 $19) 25. e5 $11 Na4 (25... Re8 26. Nf6 (26. Nb4 a5 27. Nc6 Rxc6
28. Bxc6 b4 $19) (26. Nc3 Qh4 27. exd6 Rxe3 28. fxe3 Qh3+ 29. Bg2 Qxe3 30. Ne2
$11) 26... Bxf6 27. Rxd6 Qc7 28. Rxf6 a5 (28... Re6 29. Bg4 Rxf6 30. Bxc8 Rc6
31. Bg4 a5 32. b4 axb4 33. Qxb4 Kg7 $11)) 26. b3 (26. Nb4 {considered & pm
analysis} Qh4 27. Rxd6 Nc5 28. Nd3 (28. Nd5 Ne6 29. Rxa6 g5 $19 {Stockfish10})
28... Nxd3 29. Qxd3 Bh6 30. Bb7 Rc7 31. Qe4 Qxh2 32. Rxa6 Rd7 33. Qf3 Rfd8 34.
Ra8 Rxa8 35. Bxa8 Rc7 36. Bc6 b4 37. Bd5 $11 {Stockfish10}) 26... Nc3 (26...
Nc5 27. Qb4 $14) 27. Nxc3 Rxc3 28. Rxd6 (28. Qxd6 {considered} Qh4 (28... Qxd6
29. Rxd6 $16 {the Bl Q side pawns are vulnerable}) 29. Kg2 g5 30. Qe7 Rcc8 31.
Rd6 $14 {Stockfish10}) (28. exd6 {Stockfish10} a5 29. Rd5 Kg8 30. d7 b4 31.
Qxa5 Qxa5 32. Rxa5 Rd8 33. Bg4 f5 34. Be2 Rxe3 (34... Rxd7 35. Bc4+ Rxc4 36.
bxc4 $16) 35. Bc4+ Kf8 36. fxe3 Rxd7 37. Ra8+ Ke7 38. Ke2 Bc3 39. h4 $14 Rd8
40. Ra7+ Rd7 41. Ra5 Rd2+ 42. Kf3 Rh2 43. Ra7+ Kd8 44. Rxh7 Be1 $14 {probably
ends in a draw} 45. h5 Rf2+ (45... gxh5 46. e4 fxe4+ 47. Kxe4 Rh4)) 28... Qh4
29. Kg2 (29. Rxa6 {considered & pm analysis- to get R to a8} Qh3+ 30. Bg2 Qf5
31. Kg1 Rfc8 32. Ra8 Bf8 33. Rxc8 Qxc8 34. Qa5 b4 35. e6 Rd3 36. Bd5 fxe6 37.
Bf3 Qb8 $17 {Stockfish10}) (29. Qa5 $1 Rfc8 30. Kg2 Rxe3 31. fxe3 Bf8 32. Rc6
Rxc6 33. Bxc6 Bc5 $11 {Stockfish10}) (29. Qb4 Rfc8 30. Qd4 Qh3+ 31. Bg2 Rc1+
32. Bxc1 Rxc1+ 33. Ke2 Qxg2 34. Rd8+ Bf8 35. Rxf8+ Kg7 36. Rxf7+ $11 {
Stockfish10}) 29... Rfc8 (29... g5 $17 {Stockfish10} 30. Qb4 Rfc8 31. Qe4 gxf4
32. Bxf4 Rg8 33. Bg3 (33. Kf1 Qh3+ 34. Bg2 Qc8 35. Qe2 Rc2 36. Qh5 Qc5 37. Be3
Qxe5 38. Qxe5 Bxe5 39. Rxa6 b4 $15 {Stockfish10}) 33... Qxe4 34. Bxe4 Bxe5 35.
Rxa6 Bxg3 36. hxg3 Kg7 $15 37. Rb6 Rc5 38. a4 bxa4 39. bxa4 Rd8 40. Rb4 Rd2 41.
g4 {Wh may well hold} Rc3 42. Bb7 Ra3 43. Rf4) 30. Qxa6 $16 Bh6 {weakens K
position, but David said he had run out of ideas} (30... b4 31. Qa7 R3c7 32.
Qb6 Bf8 33. Qxb4) 31. e6 (31. Rd4 Rg8 32. e6 (32. Qxb5 $18) 32... Qf6 33. Qxb5
Qxe6 34. Re4 Qf5 35. Bd4+ f6 36. Qb6 Rcc8 37. a4 $18 {Stockfish10}) 31... R3c7
(31... Bxf4 $1 {Stockfish10} 32. Bd4+ Kg8 33. exf7+ Kf8 (33... Kxf7 34. Rd7+
Qe7 35. Qf6+ Kg8 36. Bd5+ Qf7 37. Qxf7#) 34. Bxc3 Qxh2+ 35. Kf1 Qh3+ 36. Bg2
Qxc3 37. Rd1 Qc2 38. Bf3 Qf5 39. Qb7 Rc1 40. Rxc1 Bxc1 41. Bc6 Qd3+ 42. Kg2 Qf5
43. Qxb5 (43. Bd7 Qxf7 44. Qa8+ Kg7 45. Bxb5 $14) 43... Qg4+ $11 {perpetual})
32. exf7 {best} (32. Rd7 {looked winning in pm analysis, however} Bxf4 33. Bd4+
f6 34. h3 Rc2 35. Be2 (35. e7 Qg3+ 36. Kf1 Qxh3+ 37. Ke1 Rc1+ 38. Bd1 Qh1+ 39.
Ke2 Qxd1#) 35... Be5 36. Be3 Bf4 $11 {Stockfish10}) 32... Rf8 33. Bd4+ (33. Rf6
{considered & again thought winning in pm analysis} Bg7 34. Bd4 Rc2 {
Stockfish10} (34... Rcc8 {pm analysis} 35. Qxc8 $1 Rxc8 (35... h5 {Stockfish10}
36. Qe6 {mating}) 36. f8=Q+ Rxf8 (36... Bxf8 37. Rxf8#) 37. Rxf8#) 35. Qb6
Rxf2+ 36. Bxf2 Qxf6 37. Qxf6 Bxf6 38. Bd5 $18) 33... Bg7 34. Bxg7+ (34. Rf6 {
transposes to note above}) 34... Kxg7 35. Qxb5 Qxf4 $15 36. Rd7 (36. Qd5 Rcxf7
37. Rd7 Rxd7 38. Qxd7+ Rf7 39. Qd3 Qg5+ 40. Kf1 Qf5 41. Qxf5 Rxf5 42. Be2 $11 {
but the ending looks good for Wh}) 36... Rxd7 (36... Rc2 $1 {Stockfish10} 37.
a4 (37. Qa4 Qxa4 38. bxa4 Rxf7 39. Rxf7+ Kxf7 40. Bd1 Rc5 41. h4 {probably
holding for Wh}) 37... Qe3 38. Qf1 Qg5+ 39. Kh1 Qf6 40. Kg2 Rc3 41. Bd5 Qg5+
42. Kh1 Rc1 $19) 37. Qxd7 Rxf7 38. Qd5 (38. Qd3) (38. Qg4 {looks most exact
for Wh}) 38... Rf5 39. Qe4 (39. Qb7+ Kh6 40. h3 {Stockfish10}) 39... Qg5+ (
39... Rg5+ 40. Kf1 (40. Kh3 Rh5+ $1 {missed during game by Wh} 41. Kg2 Rxh2+
42. Kf1 Qxe4 43. Bxe4 Kf6 $19 {because the R has a passed pawn}) 40... Qc1+ 41.
Ke2 (41. Qe1 Rg1+ $19 {seen}) 41... Qb2+ 42. Kd3 Rf5 43. Qe7+ Rf7 44. Qe3 h5
45. Bd5 Rxf2 46. Qa7+ Kh6 47. Qe3+ g5 48. Qe6+ Rf6 49. Qe7 Qb1+ 50. Kd4 Qb2+
51. Kc4 Qc2+ 52. Kb5 Qd3+ 53. Bc4 Qd4 54. Qc7 g4 $19 {Stockfish10- Bl pawns
travel faster}) 40. Qg4 Qd2 41. h4 Qxa2 42. Qd4+ Rf6 (42... Kh6 43. Qe3+ $11 (
43. Be4 Rf7 44. Bd5 Rf5 $11)) 43. Bd5 (43. b4 Qe6 44. b5 Qd6 {Stockfish10})
43... Qe2 44. Kg3 (44. b4 Qb5 {pm analysis} 45. Qa7+ {Stockfish10} Kf8 46. Qa8+
Qe8) 44... Qe7 45. Bc4 Qd6+ 46. Qxd6 Rxd6 1/2-1/2

[Event "Dyfed Open"]
[Site "Fishguard"]
[Date "2019.02.22"]
[Round "1.12"]
[White "Hurn, Robert Aj"]
[Black "Waterfield, John W"]
[Result "1/2-1/2"]
[WhiteElo "1632"]
[BlackElo "1935"]
[Annotator "kemen"]
[PlyCount "61"]
[EventDate "2019.??.??"]

{[%evp 0,8,19,31,14,-14,27,44,56,24,36]} 1. d4 Nf6 2. c4 c5 3. d5 b5 4. Nf3 Bb7
(4... g6 5. Qc2 bxc4 6. e4 Bg7 7. Bxc4 d6 8. O-O O-O 9. Nc3 Nbd7 {
Hurn-Waterfield, Welsh Seniors ch 2018,1/2-1/2}) 5. Nc3 (5. a4) 5... b4 6. Nb1
(6. Na4 {main}) 6... e6 7. dxe6 fxe6 8. Bg5 Be7 9. e3 O-O 10. Be2 d5 11. O-O
Nbd7 12. Nbd2 h6 (12... Ne4 13. Bxe7 Qxe7 14. Qc2 Nxd2 15. Qxd2 Rfd8 16. Qc2 {
Goldstein-Berg, Nassau CC ch, Long Island 1990,1-0}) 13. Bh4 Nh5 14. Bxe7 Qxe7
15. Qc2 Qf7 16. Rad1 Nhf6 17. cxd5 exd5 18. Nh4 Rac8 19. Nf5 (19. Ng6 Rfe8 20.
Bd3 $14 {Komodo12}) 19... Ne4 20. g4 (20. Nxh6+ gxh6 21. Nxe4 Qf5 22. Qd3 Ne5
23. Nd6 Nxd3 24. Nxf5 Nxb2 25. Rb1 Rc7 26. Nxh6+ Kh7 27. Rxb2 Kxh6 28. Rc1 a5
$11 {Komodo12}) (20. Bg4 Nxd2 21. Qxd2 Qf6 (21... Qe6 22. e4 $16) 22. Nxh6+
Qxh6 23. Bxd7 Rcd8 24. Bg4 $16 {Komodo12}) 20... Nxd2 21. Rxd2 Qe6 22. Bf3 (22.
e4 Nf6 23. f3 c4 24. Rd4 Kh8 $11 {Komodo12}) 22... Ne5 (22... g6 $19 23. Bxd5 (
23. Nh4 Rxf3 24. Qxg6+ (24. Nxf3 Qxg4+) 24... Qxg6 25. Nxg6 Kf7 26. Nh4 Rg8 $19
(26... Ne5 $19)) 23... Bxd5 24. Rxd5 gxf5 25. Rxf5 c4 $19 {Komodo12}) 23. Qd1 (
23. Bxd5 Bxd5 24. Rxd5 Nxg4 25. e4 c4 $11 {Komodo12}) 23... Nxf3+ (23... g6 $19
{Komodo12}) 24. Qxf3 Rc7 (24... Kh7 $15) 25. Qg3 Rd7 26. Rfd1 h5 (26... Kh7 $17
) 27. h3 Kh7 28. b3 (28. Qf4 $11) 28... g6 29. Nh4 Bc6 30. Nf3 $16 Kh6 (30...
Rxf3 31. Qxf3 d4 32. Qg3 $16 {Komodo12}) 31. Ne5 {(draw?)} (31. Ne5 $18 Rdd8
32. f4 Rg8 33. Rc2 c4 34. Qh4 Kh7 35. Nxc6 Qxc6 36. Qe7+ Kh8 37. Rxc4 dxc4 38.
Rxd8 Rxd8 39. Qxd8+ Kh7 40. Qe7+ Kg8 41. f5 $18 {Komodo12}) 1/2-1/2

[Event "Dyfed Open"]
[Site "Fishguard"]
[Date "2019.02.22"]
[Round "1.13"]
[White "Bevan, Peter M"]
[Black "Roberts, Malcolm A"]
[Result "1-0"]
[WhiteElo "1907"]
[BlackElo "1630"]
[Annotator "kemen"]
[PlyCount "93"]
[EventDate "2019.??.??"]

{[%evp 0,103,30,30,12,-10,6,6,-8,-8,-13,3,10,-32,-5,-38,-36,-59,-47,-47,-3,9,
13,-24,-9,-27,-21,-25,-33,-33,14,55,51,18,36,25,25,17,82,84,93,81,81,70,74,72,
116,88,88,-23,110,29,30,29,98,21,21,5,97,89,95,87,91,91,129,137,155,155,175,
163,247,259,255,114,110,110,99,96,104,97,338,332,374,410,431,431,431,63,153,
150,149,157,157,196,403,524,539,559,570,664,664,558,568,615,615,655]} 1. Nf3 d5
2. g3 Nf6 3. Bg2 Nc6 4. d4 Bf5 5. c3 h6 6. O-O e6 7. Qa4 (7. Nbd2 {main}) 7...
Qd7 (7... Bd6 {main}) 8. b4 Bd6 9. b5 (9. Nbd2 Nb8 (9... O-O 10. b5 Ne7 11. Qb3
Ng6 12. a4 e5 13. dxe5 Nxe5 14. Nxe5 Bxe5 15. Rd1 Rfe8 16. Bb2 Rad8 17. e4 {
Lizcano-Quintero Rueda, Santander UDI cup 2013,1-0}) 10. Qb3 a5 11. a4 axb4 12.
cxb4 b5 13. a5 Nc6 14. Ba3 Ne4 15. e3 O-O 16. Rfc1 {Gutt-Witte, Leverkusen op
2007,1-0}) 9... Ne7 10. c4 dxc4 (10... c6 $11 {Stockfish10}) 11. Ne5 $16 Bxe5
12. dxe5 Nfd5 13. Qxc4 O-O 14. Rd1 Qc8 (14... Rfd8 15. Qb3 Bxb1 16. Rxb1 Qe8
17. a4 $16 {Stockfish10}) 15. Ba3 (15. e4 Nb6 16. Qc5 Bg4 17. f3 Rd8 18. Nd2
$18 {Stockfish10}) 15... Rd8 16. Qb3 (16. e4 $18) 16... Bxb1 17. Raxb1 Rd7 18.
Bxe7 Nxe7 19. Rxd7 Qxd7 20. Bxb7 $18 Rd8 21. e3 (21. Rc1 Qd2 22. Qc2 $18 {
Stockfish10}) 21... Nd5 (21... c6 $1 22. bxc6 Nxc6 23. Bxc6 Qxc6 24. Rd1 Rxd1+
25. Qxd1 Qe4 $11 {Stockfish10}) 22. Rd1 Qe7 23. Bxd5 exd5 24. Rxd5 g6 25. Rxd8+
Qxd8 26. a4 $18 (26. e6 $1 $18 {Stockfish10}) 26... Qd7 27. Qc4 Qd1+ 28. Kg2
Qa1 29. Qd4 (29. e6) 29... Qa2 30. e4 Qc2 31. a5 Kh7 32. Qd5 Kg7 33. a6 g5 34.
Qc6 Qe2 35. e6 (35. h3 g4 36. hxg4 {Stockfish10}) 35... fxe6 36. Qxc7+ Kg6 37.
Qc6 Kf6 38. Qb7 g4 39. h4 (39. e5+ $1 Kxe5 40. b6 axb6 41. a7 $18 {Stockfish10}
) 39... Qf3+ (39... gxh3+ 40. Kxh3 Qf1+ 41. Kh4 Qxf2 42. e5+ Kxe5 43. Qc7+ Kd5
44. Qc6+ Ke5 $11 {Stockfish10}) 40. Kg1 $18 Qd1+ 41. Kh2 Qf1 42. Qxa7 Qxb5 43.
Qd4+ e5 (43... Kg6 44. a7) 44. Qd6+ Kg7 45. a7 (45. Qe7+ Kg8 46. a7) 45... Qe2
46. Qxe5+ (46. Qe7+ Kg6 47. h5+ Kxh5 48. Qf7+ Kg5 49. Qf5#) 46... Kh7 47. Qf5+
1-0

[Event "Dyfed Open"]
[Site "Fishguard"]
[Date "2019.02.22"]
[Round "1.14"]
[White "Leah, Howard"]
[Black "Bourne, Johnathan D"]
[Result "0-1"]
[WhiteElo "1613"]
[BlackElo "1907"]
[Annotator "kemen"]
[PlyCount "80"]
[EventDate "2019.??.??"]

{[%evp 0,27,18,33,23,21,28,20,25,6,8,5,6,7,20,-44,-21,-44,-34,-20,-27,-45,-22,
-29,-28,-46,-46,-37,84,27]} 1. e4 e5 2. Nf3 Nc6 3. Bb5 a6 4. Ba4 Nf6 5. d3 b5
6. Bb3 Be7 7. c3 O-O 8. O-O d5 9. exd5 {main} (9. Nbd2) (9. Qe2) 9... Nxd5 10.
h3 Bb7 11. Re1 Bf6 12. Nbd2 Nf4 13. Ne4 Ng6 (13... Nxd3 {main} 14. Nxf6+ gxf6
15. Bh6 (15. Re4)) 14. Nxf6+ $146 (14. Nc5 $16 Bc8 15. Qe2 Rb8 16. Be3 b4 17.
Bc4 a5 18. a4 {Schwarz-Paredes Bustamente, Wld ch girls U14, Nova Caldas 2011,
1-0}) (14. Be3 Be7 15. Qe2 Na5 16. Bc2 Bxe4 17. dxe4 c5 18. b3 Nc6 19. Rad1 Qa5
20. Bd2 Qxa2 21. Bc1 {Nicolau Serrato-Grau Brumos, ESP ch Seniors, Santa
Susanna 2012,1-0}) (14. a4 $16 {Stockfish10}) 14... Qxf6 15. Bg5 Qd6 16. Qe2 (
16. d4 $5 $11) 16... h6 17. Be3 Rad8 18. Rad1 Kh8 19. Bc2 f5 20. b4 Qf6 21. Bc5
Rfe8 $15 22. Rd2 (22. Be3) 22... Nf4 $19 23. Qf1 Nd5 (23... Ne7 24. Bxe7 Rxe7
25. d4 e4 26. Ne5 Nxh3+ 27. Kh2 (27. gxh3 Qg5+ 28. Kh2 Rxe5 $19) 27... Nf4 $19
{Stockfish10}) (23... Nxh3+ 24. gxh3 Nb8 25. Bd1 Bxf3 $19 {Stockfish10}) (23...
e4 24. dxe4 Rxd2 25. Nxd2 Qxc3 26. Be3 Nxh3+ 27. gxh3 Qxc2 $19 {Stockfish10})
24. c4 (24. d4 e4 25. Ne5 Nxe5 26. dxe5 Qxe5 27. Bd4 Qf4 28. Rdd1 Qg5 $17 {
Stockfish10}) 24... Ndxb4 (24... Nf4 $19) 25. Bb3 e4 (25... bxc4 26. Bxc4 Nd5
$17) 26. dxe4 fxe4 27. Rxd8 Qxd8 28. Rd1 (28. cxb5 exf3 29. bxc6 fxg2 30. Rxe8+
Qxe8 31. Qb1 Nxc6 32. Bd5 $11 {Stockfish10}) 28... Nd3 29. Ne1 (29. cxb5 axb5
30. Bf7 Nce5 31. Bxe8 Nxf3+ 32. gxf3 Qxe8 33. Be3 Ne5 $17 {Stockfish10}) 29...
Nce5 30. cxb5 (30. Nxd3 exd3 31. f4 bxc4 32. fxe5 cxb3 33. Rxd3 Qg5 34. Rxb3
Bxg2 35. Be3 Bxf1+ 36. Bxg5 Bc4 37. Rc3 hxg5 38. Rxc4 Rxe5 39. Rxc7 Ra5 40. Rc2
{Stockfish10 gives this as winning for Bl, but Wh should be able to hold this
ending}) 30... axb5 (30... Qg5 $19 {Stockfish10}) 31. Bc2 (31. Nxd3) 31... Qg5
$19 32. Be3 Qg6 33. Nxd3 exd3 34. Bxd3 Nxd3 35. Rxd3 Bxg2 36. Qxg2 Qxd3 37. Qc6
Rxe3 (37... Re7 {safest}) 38. fxe3 Qxe3+ 39. Kg2 Qg5+ (39... Qe2+ 40. Kh1 Qf1+
41. Kh2 Qc4 {and victory, though assured , will take a little while}) 40. Kf1
$2 (40. Kh1 Qe5 $19) 40... Qf6+ 0-1

[Event "Dyfed Open"]
[Site "Fishguard"]
[Date "2019.02.22"]
[Round "1.15"]
[White "May, Adam J"]
[Black "Andrews, Norman G"]
[Result "1/2-1/2"]
[WhiteElo "1906"]
[BlackElo "1605"]
[Annotator "kemen"]
[PlyCount "87"]
[EventDate "2019.??.??"]

{[%evp 0,23,24,-24,14,-1,-4,-3,17,20,14,22,17,-2,-5,-4,4,-5,9,6,9,19,15,4,31,
43]} 1. c4 c5 2. g3 Nf6 3. Bg2 e6 4. Nf3 d5 5. O-O Be7 6. b3 O-O 7. Bb2 Nc6 8.
e3 Qc7 9. Nc3 Rd8 10. cxd5 exd5 11. d4 cxd4 (11... Bg4) 12. Nxd4 $146 (12. Nb5)
12... Nxd4 13. exd4 Bg4 14. Qd3 Qd7 $11 15. Rfe1 Bb4 16. Re5 Bxc3 (16... Be6
$11) 17. Bxc3 Re8 18. Rae1 Rxe5 (18... h6 19. Bb4 $14) (18... Be6 $14) 19. dxe5
$18 Ne8 (19... Ne4 20. Bb2 $16) 20. Qxd5 $18 Qxd5 21. Bxd5 Rc8 22. Bb4 (22. e6
$18) (22. Re3 $18) 22... b6 23. Be4 g6 24. Kg2 Ng7 25. h3 Be6 (25... Bf5) 26.
Rd1 Nf5 27. g4 Nh4+ (27... Ng7) 28. Kg3 g5 29. Be7 (29. f4 $18) 29... h6 30.
Bf6 Ng6 31. Bf5 (31. f3) 31... Nf4 32. Rd2 Rc3+ (32... Bxf5 33. gxf5 Nh5+ 34.
Kg4 Nxf6+ 35. exf6 Rc6 36. Rd8+ Kh7 37. Rd7 Rxf6 38. Rxa7 Kg7 39. f4 $16 {
Komodo12}) 33. f3 Bd5 34. Be4 Bxe4 35. Rd8+ Kh7 36. Rh8+ Kg6 37. Rg8+ Kh7 38.
Rg7+ Kh8 39. Rxg5+ Kh7 40. Rg7+ Kh8 41. Kxf4 (41. Rxf7+ Kg8 42. Rg7+ Kf8 43.
Kxf4 $18 {Wh has lots of pawns & an attack against the K}) 41... Bd5 42. Rg6+
Kh7 43. Rg7+ Kh8 44. Rg6+ {draw agreed-time pressure?} (44. Rxf7+ Kg8 45. e6
Rc6 46. Rg7+ Kf8 47. e7+ Ke8 48. Rg6 h5 49. Rh6 $18 {Komodo12}) 1/2-1/2

[Event "Dyfed Open"]
[Site "Fishguard"]
[Date "2019.02.22"]
[Round "1.16"]
[White "Horrell, Stephen A"]
[Black "Pearson, Raymond"]
[Result "1-0"]
[WhiteElo "1592"]
[BlackElo "1890"]
[Annotator "kemen"]
[PlyCount "61"]
[EventDate "2019.??.??"]

{[%evp 0,23,38,44,50,50,52,25,44,44,23,39,17,7,3,11,20,-6,9,17,17,8,86,-2,25,
-32]} 1. e4 c5 2. Nc3 Nc6 3. f4 g6 4. Nf3 Bg7 5. Bb5 Nd4 (5... d6 6. Bxc6+ bxc6
7. O-O e6 8. d3 Ne7 9. Be3 O-O 10. e5 Nd5 11. Bd2 dxe5 12. Nxe5 Nxf4 13. Nxc6 (
13. Bxf4 $14) 13... Qc7 14. Bxf4 Qxc6 $15 {Horrell-Royal,4NCL open, Coventry
2017,0-1}) 6. O-O Nxb5 7. Nxb5 d5 8. d3 (8. exd5 {main}) (8. e5 {Gawain Jones})
8... a6 9. Nc3 d4 10. Ne2 e6 (10... b5) 11. Qe1 Ne7 12. Qh4 (12. Bd2 O-O 13.
Qg3 f5 14. Nc1 b5 15. Ng5 h6 16. Nf3 Bb7 17. Re1 {Chaves-Funis, Sao paolo op
1992,1-0}) 12... Nc6 (12... Bd7 13. Bd2 f5 14. Ng3 Nc6 15. Qh3 Qf6 16. Rfe1 O-O
{Canonne-Byrn, Gibraltar Challengers 2013,1/2-1/2}) 13. Qe1 (13. Qxd8+ $14 {
Cloud Engines}) 13... O-O $11 14. Ng3 b5 15. f5 {a standard sacrifice in the
Grand Prix Attack} (15. e5 $11 c4 16. Ne4 Na5 17. Bd2 Nb7 18. Bb4 Re8 19. Nd6
Re7 20. Nxc8 Rxc8 21. Bxe7 Qxe7 22. Rc1 {Feller-Blanchard, FRA ch tm U18,
Gonfreville 2000,1-0}) 15... exf5 16. exf5 $11 Qd5 (16... Re8) 17. Nh4 Bb7 (
17... Bd7 $11) 18. f6 (18. Ne4 $18 {Stockfish10} Rfe8 19. Bh6 Bxh6 20. Nf6+ Kh8
21. Nxd5 Rxe1 22. Raxe1 $18) 18... Bh8 (18... Rfe8 19. Qf2 Bf8 $17) 19. Ne4 $18
(19. Nhf5 $1 $18 {Stockfish10} Rfe8 (19... Bxf6 20. Nh6+ Kg7 21. Rxf6 Kxf6 22.
Ng4+ Kg7 23. Bh6+ Kh8 24. Nf6 Qe6 25. Nge4 $18 {Stockfish10}) 20. Ne4 h5 21.
Qg3 Re5 22. Nh6+ Kh7 23. Bf4 $18 {Stockfish10}) 19... Nb4 20. Nf5 $1 Rfe8 21.
Qd2 (21. Qg3) (21. Qh4) 21... Nc6 22. Nfd6 (22. Nh6+ Kf8 23. Ng5 Re3 24. Nxh7+
Ke8 25. Qf2 Re5 26. Bf4 Re6 27. Nxf7 $18 {Stockfish10}) 22... Reb8 23. Qh6 Qh5
24. Qxh5 gxh5 25. Rf5 h6 26. Rxh5 (26. Bxh6) 26... Nd8 27. Bxh6 Ne6 28. Rf1
Bxe4 29. Nxe4 Kh7 30. Bg7+ Kg6 31. Rh6# 1-0

[Event "Dyfed Open"]
[Site "Fishguard"]
[Date "2019.02.22"]
[Round "1.17"]
[White "Taylor, Robert Graham"]
[Black "Watkins, Peter"]
[Result "1-0"]
[WhiteElo "1809"]
[BlackElo "1581"]
[Annotator "kemen"]
[PlyCount "69"]
[EventDate "2019.??.??"]

{[%evp 0,22,29,5,36,-11,0,-11,11,11,20,4,26,-19,6,11,20,22,39,36,70,34,57,31,
108]} 1. Nf3 Nf6 2. c4 e6 3. g3 Be7 4. Bg2 O-O 5. O-O d5 6. b3 Nbd7 7. Bb2 c6
8. d3 Qc7 9. Nbd2 Re8 10. Qc2 Bd6 11. d4 (11. a3) (11. Rac1 {played}) 11... Nf8
(11... b6 {main}) 12. e4 dxe4 13. Nxe4 Nxe4 14. Qxe4 Nd7 (14... Ng6 {main, 3-1}
) (14... Bd7 {1/2-1/2}) 15. Ne5 $16 Nf6 16. Qe2 Bd7 17. h3 (17. g4 {Komodo12 &
Stockfish10}) 17... Rac8 18. g4 h6 19. f4 {Wh has a space advantage in the
centre, so is able to open up the K side easier} c5 20. g5 hxg5 21. fxg5 Bxe5
22. dxe5 (22. Qxe5 Qxe5 23. dxe5 Nh5 24. Bxb7 $16 {but wastes all the
opportunities on the K side}) 22... Nh7 23. h4 (23. g6 fxg6 24. Be4 Nf8 25. Rf2
Bc6 26. Bc2 $16 {Komodo12}) (23. Qh5 {Stockfish10 also} g6 24. Qh6 Bc6 25. Rf4
Bxg2 26. Rh4 f5 27. exf6 Be4 28. Be5 Qf7 29. Rxe4 $18 {Komodo12}) 23... Bc6 24.
Bh3 $14 (24. Rad1 $16) 24... Qe7 (24... Nf8) (24... Rcd8) 25. Rf2 Nf8 26. Raf1
Rc7 27. Qg4 $16 (27. Bc1 Qd8 28. h5 {Stockfish10}) 27... Ng6 28. h5 Nh8 29. g6
(29. Kh2 Qd8 30. g6 {Komodo12}) 29... Rf8 (29... Qd8 30. Kh2 $16) 30. gxf7+ $18
(30. Bc1 $18 {Komodo12}) (30. Rf6 $1 $18 {Stockfish10} Rd7 31. gxf7+ Nxf7 32.
h6 Nxh6 33. Rxf8+ Qxf8 34. Rxf8+ Kxf8 35. Qxe6 $18) 30... Nxf7 31. Qxe6 (31. h6
$1 g5 32. h7+ (32. Qxe6) (32. Rf6) (32. Qh5) 32... Kg7 33. Qxe6 Qxe6 34. Bxe6
Kxh7 35. Bxf7 $18 {Komodo12}) 31... Qg5+ 32. Qg4 Qe3 (32... Qxg4+ 33. Bxg4 Re8
34. e6 $18) 33. Bc1 Qe4 (33... Qxe5 34. Bb2) 34. Qxe4 Bxe4 35. e6 1-0